| 000 | 00000nam##2200000za#4500 |
| 001 | 9.643384 |
| 003 | CaOODSP |
| 005 | 20210624224138 |
| 007 | cr ||||||||||| |
| 008 | 150407|1966||||xxc|||||o f|0| 0 fre|d |
| 040 | |aCaOODSP|bfre |
| 043 | |an-cn--- |
| 086 | 1 |aA43-1209/1966F-PDF |
| 110 | 1 |aCanada.|bAgriculture Canada. |bDirection générale de recherche. |
| 245 | 10|aImportation et soin de l'abeille coupeuse des feuilles de luzerne / |h[ressource électronique]|c[par] G.A. Hobbs. |
| 260 | |aOttawa - Ontario : |bAgriculture Canada. |c1966. |
| 300 | |a16p.|bphotographies |
| 500 | |aPublication historique numérisée par Agriculture et Agroalimentaire Canada. |
| 590 | |a14-11-Supp|b2014-05-21 |
| 691 | 07|aApiculture|2gcpds |
| 775 | 08|tImporting and managing the alfalfa leaf-cutter bee / |w(CaOODSP)9.699396 |
| 856 | 40|ahttp://publications.gc.ca|qPDF|s970 Ko|uhttps://publications.gc.ca/collections/collection_2014/aac-aafc/agrhist/A43-1209-1966-fra.pdf |
| 986 | |a1209 |